Statistics for South East Asian Capitals

Click here to take the quiz!

General Stats

  • This quiz has been taken 1,173 times
  • The average score is 8 of 11

Answer Stats

Country:Answer% Correct
SingaporeSingapore
93%
IndonesiaJakarta
90%
ThailandBangkok
89%
PhilippinesManila
85%
VietnamHanoi
83%
MalaysiaKuala Lumpur
77%
CambodiaPhnom Penh
58%
East TimorDili
56%
LaosVientiane
47%
BruneiBandar Seri Begawan
43%
MyanmarNay Pyi Daw
37%

Score Distribution

Percentile by Number Answered

Percent of People with Each Score

Your Score History

You have not taken this quiz